Παγκόσμιος λαογραφική και γεωγραφική εγκυκλοπαίδεια
Αποθηκεύτηκε σε:
| Άλλοι συγγραφείς: | |
|---|---|
| Μορφή: | Βιβλίο |
| Γλώσσα: | Greek |
| Δημοσίευση: |
Αθήναι :
Χ. Γιοβάνης,
1967
|
| Θέματα: | |
| Ετικέτες: |
Προσθήκη ετικέτας
Δεν υπάρχουν, Καταχωρήστε ετικέτα πρώτοι!
|
MARC
| LEADER | 00000cam a2200000 i 4500 | ||
|---|---|---|---|
| 001 | 1/57611 | ||
| 008 | 040616s1967 gre d | ||
| 035 | |l 10073802 | ||
| 040 | |a GR-MY-UA |b gre |e aacr | ||
| 041 | 0 | |a gre | |
| 082 | 0 | |a 910 |2 (22) | |
| 245 | 1 | 0 | |a Παγκόσμιος λαογραφική και γεωγραφική εγκυκλοπαίδεια / |c εποπτεία Γ. Μέγα |
| 260 | |a Αθήναι : |b Χ. Γιοβάνης, |c 1967 | ||
| 300 | |a 3 τ.; |b εικ.; |c 29 εκ. | ||
| 650 | 0 | 0 | |a Geography |x Encyclopedias. |
| 700 | 1 | |4 edt |a Μέγας, Γεώργιος Αν., |d 1893-1976. | |
| 852 | |a INST |b RHODES |c AKA |e 20040616 |h 910 ΠΑΓ |p 005400018794 |q 005400018794 |t REF |v τ.2: |y 23 |z τ.2 | ||
| 852 | |a INST |b RHODES |c AKA |e 20080610 |h 910 ΠΑΓ |p 005400027907 |q 005400027907 |t REF |v τ.4: |y 23 |z τ.4 | ||
| 852 | |a INST |b RHODES |c AKA |e 20080610 |h 910 ΠΑΓ |p 005400027908 |q 005400027908 |t REF |v τ.1: |y 23 |z τ.1 | ||
| 853 | |a INST |b RHODES |c AKA |h 910 ΠΑΓ | ||
| 901 | |a BIBL4-2004-2 | ||
| 909 | |a Ρ |b 105057 | ||
| 909 | |a Ρ |b 105598 | ||
| 909 | |a Ρ |b 105599 | ||
| 970 | |a ΚΟΥΛΑΚΙΟΤΗ |b ΛΙΤΣΑ |z 2004/06/16 | ||